| 000 | 00454nam a22001577a 4500 | ||
|---|---|---|---|
| 008 | 230531b |||||||| |||| 00| 0 eng d | ||
| 040 |
_aNational Science Library _cNational Science Library |
||
| 080 |
_a615.78 _bK7 |
||
| 245 | _aDrugs affecting the peripheral nervous system | ||
| 260 |
_aNew York: _bMarcel Dekker, Inc., _c1967 |
||
| 300 | _a620p. | ||
| 650 | _aNervous | ||
| 653 | _aDrugs | ||
| 700 | _aBurger, Alfred (Ed.) | ||
| 942 |
_2udc _cBK |
||
| 999 |
_c37062 _d37062 |
||